000
00288nam a22001337a 4500
008
170926b xxu||||| |||| 00| 0 eng d
020
_a
9780312153137
041
_a
eng
080
_a
37
100
_a
46
101
_a
EDU
245
_a
COMPOSING KNOWLEDGE
_c
NORGAARD,R
942
_2
udc
_c
BK
999
_c
30005
_d
30005